000 01001nam a2200289 4500
001 178205
003 ES-MaACL
005 20230903101742.0
008 110523s2008 sp |||| | spa d
020 _a978-84-9742-701-2
080 _a165.191:32
100 1 _aValero Lumbreras, Ángel.
_9146664
245 1 3 _aEl giro político de la epistemología /
_cÁngel Valero Lumbreras ; prólogo de Jacobo Muñoz.
260 _aMadrid :
_bBiblioteca Nueva,
_c[2008]
300 _a316 p. ;
_c21 cm.
490 1 _aRazón y sociedad ;
_v70
504 _aBibliografía: p. [307]-316.
650 7 _aEpistemología.
_912338
650 _aCiencia-
_xFilosofía.
_910950
650 7 _aCiencia-
_xAspectos políticos.
_910934
700 1 _aMuñoz, Jacobo.
_9137824
830 0 _aRazón y sociedad ;
_v70
_9180621
852 _aES-MaACL
_9185064
_bR.145536
_jA-11230
_cDEPO1
_dOlim: N-4234
_xDonación: Editorial
942 _2udc
_cMONOGRAFIA
999 _c178205
_d178205